La política y la pobreza en los países andinos / (Registro nro. 6884)
[ vista simple ]
| 000 -LEADER | |
|---|---|
| fixed length control field | 01657cam a2200301 a 4500 |
| 003 - CONTROL NUMBER IDENTIFIER | |
| control field | OSt |
| 005 - DATE AND TIME OF LATEST TRANSACTION | |
| control field | 20200925123133.0 |
| 008 - FIXED-LENGTH DATA ELEMENTS--GENERAL INFORMATION | |
| fixed length control field | 070725s2007 pe abd r 000 0 spa d |
| 020 ## - INTERNATIONAL STANDARD BOOK NUMBER | |
| International Standard Book Number | 9789185391868 |
| 040 ## - CATALOGING SOURCE | |
| Original cataloging agency | CO-BoPUJ |
| Transcribing agency | CO-JMCR |
| 041 0# - LANGUAGE CODE | |
| Language code of text/sound track or separate title | spa |
| 082 04 - DEWEY DECIMAL CLASSIFICATION NUMBER | |
| Classification number | 339.46 / |
| Item number | I597p |
| Edition number | 23 |
| 110 1# - MAIN ENTRY--CORPORATE NAME | |
| Corporate name or jurisdiction name as entry element | Instituto Internacional para la Democracia y la Asistencia Electoral |
| Relator term | autor |
| 9 (RLIN) | 10827 |
| 245 13 - TITLE STATEMENT | |
| Title | La política y la pobreza en los países andinos / |
| Statement of responsibility, etc. | Instituto Internacional para la Democracia y la Asistencia Electoral ; edición y corrección de textos Ramón Ponce Testino y Manuel Fernández Sánchez |
| 250 ## - EDITION STATEMENT | |
| Edition statement | Primera edición |
| 260 ## - PUBLICATION, DISTRIBUTION, ETC. | |
| Place of publication, distribution, etc. | Perú : |
| Name of publisher, distributor, etc. | International Idea : |
| -- | Asociación Civil Transparencia, |
| Date of publication, distribution, etc. | 2007. |
| 300 ## - PHYSICAL DESCRIPTION | |
| Extent | xii, 538 páginas : |
| Other physical details | ilustraciones, cuadros, gráficas y mapas (algunos a color) y tablas ; |
| Dimensions | 24 cm. |
| 500 ## - GENERAL NOTE | |
| General note | Programa Ágora Democrática. |
| 504 ## - BIBLIOGRAPHY, ETC. NOTE | |
| Bibliography, etc. note | Incluye referencias bibliográficas. |
| 505 0# - FORMATTED CONTENTS NOTE | |
| Formatted contents note | Resumen ejecutivo. -- El contexto bolivariano. -- Las reformas en Bolivia. -- Partidos políticos y agenda pro-pobres. -- Algunos elementos de análisis del sistema de partidos políticos. -- Actores fundamentales de la lucha contra la pobreza y obstáculos para la reforma. -- Recomendaciones. |
| 650 14 - SUBJECT ADDED ENTRY--TOPICAL TERM | |
| Topical term or geographic name entry element | Partidos políticos |
| Geographic subdivision | Región Andina |
| 9 (RLIN) | 10828 |
| 650 24 - SUBJECT ADDED ENTRY--TOPICAL TERM | |
| Topical term or geographic name entry element | Pobreza |
| Geographic subdivision | Región Andina |
| 9 (RLIN) | 10829 |
| 651 #4 - SUBJECT ADDED ENTRY--GEOGRAPHIC NAME | |
| Geographic name | Región Andina |
| General subdivision | Política social |
| 9 (RLIN) | 10830 |
| 700 1# - ADDED ENTRY--PERSONAL NAME | |
| Personal name | Ponce Testino, Ramón, |
| Relator term | editor |
| 9 (RLIN) | 10831 |
| 700 1# - ADDED ENTRY--PERSONAL NAME | |
| Personal name | Fernández Sánchez, Manuel, |
| Relator term | editor |
| 9 (RLIN) | 10832 |
| 942 ## - ADDED ENTRY ELEMENTS (KOHA) | |
| Source of classification or shelving scheme | Dewey Decimal Classification |
| Koha item type | Books |
| Withdrawn status | Lost status | Source of classification or shelving scheme | Damaged status | Not for loan | Home library | Current library | Shelving location | Date acquired | Source of acquisition | Total Checkouts | Full call number | Barcode | Date last seen | Copy number | Price effective from | Koha item type |
|---|---|---|---|---|---|---|---|---|---|---|---|---|---|---|---|---|
| Dewey Decimal Classification | Biblioteca Pública José María del Castillo y Rada | Biblioteca Pública José María del Castillo y Rada | General Stacks | 04/15/2018 | Donación | 339.46 / I597p | 201810116 | 05/16/2024 | Ej.1 | 04/15/2018 | Books |